000 00297nam a2200109Ia 4500
008 200302s9999 xx 000 0 und d
100 _aKelly Luckett
245 _aA GreenSource Book Green Roof Construction and Maintenance
260 _bMcgraw-Hill Book Company
260 _c2009
300 _a187 P.,
999 _c2980
_d2980